US Cities by Nickname - Statistics

General Stats
  • This quiz has been taken 54 times
  • The average score is 11 of 15
Answer Stats
Hint Answer % Correct
Sin City Las Vegas
96%
City of Angels Los Angeles
96%
The Big Apple New York City
96%
Mile High City Denver
94%
The Motor City Detroit
90%
Music City Nashville
88%
The Alamo City San Antonio
86%
The Big Easy New Orleans
82%
Emerald City Seattle
78%
The Big Pineapple Honolulu
72%
The Magic City Miami
68%
The Bayou City Houston
54%
City of Brotherly Love Philadelphia
52%
Cream City Milwaukee
46%
City of Fountains Kansas City
38%
No matching quizzes found
Score Distribution
Percent of People with Each Score
Percentile by Number Answered
Your Score History
You have not taken this quiz